History Quiz

Random History or Country Quiz
Score 0/25 Timer 08:00
10 Plays Today
% Correct
Eiffel Tower
98%
Statue of Liberty
97.7%
Great Wall
97.4%
Great Sphinx of Giza
91.6%
Empire State Building
91%
Taj Mahal
88.7%
Stonehenge
87.2%
Hollywood Sign
82.8%
Red Square
81.9%
Colosseum
80.6%
Mount Fuji
77.7%
Niagara Falls
77.1%
Acropolis of Athens
72.4%
% Correct
Brandenburg Gate
62%
Uluru
58.8%
United States Capitol
58%
Washington Monument
53.7%
Machu Picchu
51.6%
CN Tower
50.7%
Angkor Wat
40%
Dome of the Rock
36.5%
Hagia Sophia
33.4%
Chichén Itzá
31.8%
Neuschwanstein Castle
24.9%
Kaaba
22.1%
Remove Ads.
Support Sporcle.
Get the best of Sporcle when you Go Orange. This ad-free experience offers more features, more stats, and more fun while also helping to support Sporcle. Thank you for becoming a member.

You're not logged in!

Compare scores with friends on all Sporcle quizzes.
OR
Log In

Show Comments

Extras

Top Quizzes Today


Score Distribution

Your Account Isn't Verified!

In order to create a playlist on Sporcle, you need to verify the email address you used during registration. Go to your Sporcle Settings to finish the process.

Report this User

Report this user for behavior that violates our Community Guidelines.

Details: